Armes Zombie Shadow of Evil BO3 - Statistiques

Statistiques générales
  • Ce quiz a été pris 91 fois
  • Le résultat moyen est 16 sur 26
Statistiques - réponses
Par images Réponse % Correct
Kuda
90%
Dingo
88%
VMP
88%
Locus
85%
Man-O-War
82%
Weevil
82%
Pharo
81%
BRM
78%
KN-44
78%
Vesper
78%
205 Brecci
72%
Argus
71%
Pistolet-Laser
71%
Sheiva
69%
Drakon
68%
ICR-1
60%
RK5
58%
HVK-30
57%
M8A7
57%
KRM-262
53%
SVG-100
49%
L-CAR 9
40%
Dredge 48
39%
XM-53
29%
Haymaker 12
21%
l'Arme du Margwa
4%
Aucun quiz correspondant
Distribution des résultats
% des personnes avec chaque résultat
Percentile par nombre de réponses
Votre historique - résultats
Vous n’avez pas pris ce quiz